000 01165nam a2200277 4500
001 0000013745
003 CO-CtgCURN
005 20250519171612.0
007 ta
008 160627s2008 000 0 eng d
020 _a9789701066225
040 _aCO-CtgCURN
_bspa
_ccoctgcurn
082 0 _a616.951
_bD540
245 0 0 _aDiagnóstico y tratamiento. Enfermedades de transmisión sexual /
_cEditado por Jeffrey D. Klausner y Edward W. Hook.
260 _aMexico :
_bMcGraw-Hill Interamericana,
_c2008.
300 _a248 p.
336 _2rdacontent
337 _2rdamedia
_asin mediacion
_bn
338 _2rdacarrier
_avolumen
_bnc
505 8 _aSindromes.--Secrecion vaginal.--Secrecion uretral.--ulceras genitales.--Dolor hipogastrico en mujeres.--Epidermitis y sindrome de escroto agudo.--Infecciones.--Chancroide.--Infecciones genitales por Chlamydia.--Herpes genital.--Verrugas genitales externas.--Gonorrea.--Temas especiales
650 1 4 _aEnfermedades venereas.
700 1 _aKlausner, Jeffrey D.,
_eEditor.
908 _a160627
942 _cBK
_h616.951
_iD540
_2ddc
_n0
999 _c22996
_d22996